Psychology and its bearing on education / (Record no. 133449)

MARC details
000 -LEADER
fixed length control field 00652nam a22002297a 4500
005 - DATE AND TIME OF LATEST TRANSACTION
control field 20170124110209.0
010 ## - LIBRARY OF CONGRESS CONTROL NUMBER
LC control number A-043103
020 ## - INTERNATIONAL STANDARD BOOK NUMBER
Terms of availability 00.00
035 ## - SYSTEM CONTROL NUMBER
System control number A-043103
037 ## - SOURCE OF ACQUISITION
Source of stock number/acquisition Cen Lib/Ret
040 ## - CATALOGING SOURCE
Original cataloging agency DPL
Language of cataloging EN
082 ## - DEWEY DECIMAL CLASSIFICATION NUMBER
Classification number 370.15
Item number VAL
100 ## - MAIN ENTRY--PERSONAL NAME
Personal name Valentine, C. W.
9 (RLIN) 37977
245 ## - TITLE STATEMENT
Title Psychology and its bearing on education /
Statement of responsibility, etc by C. W. Valentine
260 ## - PUBLICATION, DISTRIBUTION, ETC. (IMPRINT)
Place of publication, distribution, etc London
Name of publisher, distributor, etc Methuen
Date of publication, distribution, etc 1950
270 ## - ADDRESS
City London
Address 36 Essex Street, Strand
300 ## - PHYSICAL DESCRIPTION
Extent xvi,674p.
Dimensions 18cm(Hb)
500 ## - GENERAL NOTE
General note Includes index<br/>
650 ## - SUBJECT ADDED ENTRY--TOPICAL TERM
Topical term or geographic name as entry element Educational psychology
9 (RLIN) 37978
650 ## - SUBJECT ADDED ENTRY--TOPICAL TERM
Topical term or geographic name as entry element Mental health
9 (RLIN) 4146
942 ## - ADDED ENTRY ELEMENTS (KOHA)
Source of classification or shelving scheme Dewey Decimal Classification
Koha item type English Books
Classification part 370.15
Call number suffix VAL
Holdings
Withdrawn status Lost status Damaged status Not for loan Home library Current library Date acquired Source of acquisition Cost, normal purchase price Total Checkouts Full call number Barcode Date last seen Copy number Cost, replacement price Price effective from Koha item type Public note
Written off       Central Library Central Library 25/07/2015 Cen Lib/Ret 0.00   370.15 VAL A-043103 25/07/2015 1 0.00 25/07/2015 English Books Written off on approval by DLB (By Circulation); dtd 15-06-2023

© Delhi Public Library
Hit Counter
free hit counter